| 000 | 00498nam a22001817a 4500 | ||
|---|---|---|---|
| 003 | CEME | ||
| 005 | 20210628202951.0 | ||
| 008 | 210212b xxu||||| |||| 00| 0 eng d | ||
| 020 | _a0-07-228357-2 | ||
| 040 | _c. | ||
| 082 | _a005.133-J BAI | ||
| 100 |
_aBaily, Duane.A Bailey, Duane.W _962602 |
||
| 245 | _aJava elements, principles of programming in java | ||
| 260 |
_aNEW YORK _bMCGRAW HILL _c2000 |
||
| 300 | _aIX,333P | ||
| 650 |
_aJAVA-COMPUTER PROGRAM LANGUAGE _98017 |
||
| 942 |
_cBK _2ddc |
||
| 999 |
_c571665 _d571665 |
||